20 Χώρες σε Άδειο Χάρτη #1 - Statistics

General Stats
  • This quiz has been taken 46 times
  • The average score is 8 of 20
Answers on the Map
Answers color-coded by a green-red scale on the quiz's map according to % correct below.
 
Answer Stats
Χώρα % Correct
Καναδάς
84%
Νέα Ζηλανδία
70%
Αργεντινή
65%
Ινδία
57%
Γαλλία
54%
Βόρεια Κορέα
43%
Μαλαισία
35%
Μιανμάρ
35%
Μπουτάν
32%
Μαδαγασκάρη
32%
Ναμίμπια
30%
Κένυα
27%
Μοζαμβίκη
27%
Λευκορωσία
24%
Ονδούρα
24%
Λιβύη
24%
Ομάν
24%
Σλοβακία
24%
Παπούα Νέα Γουινέα
22%
Νιγηρία
19%
No matching quizzes found
Score Distribution
Percent of People with Each Score
Percentile by Number Answered
Your Score History
You have not taken this quiz